Statistiques concernant Villes qui ont déjà été candidates à l'organisation des Jeux Olympiques

Cliquez ici pour prendre le quiz!

Statistiques générales

  • Ce quiz a été pris 303 fois
  • Le résultat moyen est 43 sur 55

Statistiques - réponses

PaysVilleCandidature(s)% Correct
AllemagneBerlin1908,1916,1936,2000
100%
Etats-UnisLos Angeles1924,1928,1932,1948,1952,1956,1976,1980,1984,2024,2028
98%
Royaume-UniLondres1908,1948,2012
97%
Etats-UnisNew York2012
97%
FranceParis1900,1924,1992,2008,2012,2024
97%
ChinePékin2000,2008
97%
JaponTokyo1940,1960,1964,2016,2020
97%
BelgiqueBruxelles1916,1960,1964
96%
IrlandeDublin1936
96%
AllemagneMunich1972
96%
BrésilRio de Janeiro1936,2016
96%
ItalieRome1908,1924,1936,1944,1960,2004
96%
Corée du SudSéoul1988
96%
GrèceAthènes1896,1996,2004
95%
EspagneBarcelone1924,1936,1992
95%
MexiqueMexico1956,1960,1968
95%
RussieMoscou1976,1980,2012
95%
AustralieSydney2000
95%
EspagneMadrid1972,2012,2016,2020
94%
Pays-BasAmsterdam1916,1920,1924,1928,1952,1992
93%
CanadaMontréal1944,1972,1976
93%
HongrieBudapest1916,1936,1944,1960
91%
ArgentineBuenos Aires1936,1956,1968,2004
90%
FinlandeHelsinki1936,1940,1944,1952
90%
Royaume-UniManchester1996,2000
90%
ItalieMilan1908
90%
AutricheVienne1964
90%
SuèdeStockholm1912,1956,2004
89%
République tchèquePrague1924
88%
TurquieIstanbul2000,2008,2020
87%
FranceLyon1920,1968
87%
AustralieMelbourne1956,1996
87%
CubaLa Havane1920
86%
Afrique du SudLe Cap2004
83%
BelgiqueAnvers1920
81%
Etats-UnisAtlanta1920,1996
79%
Etats-UnisChicago1904,1952,1956,2016
79%
CanadaToronto1996,2008
79%
SerbieBelgrade1992,1996
75%
EgypteAlexandrie1916,1936
72%
Etats-UnisSan Francisco1956
71%
JaponOsaka2008
65%
AllemagneFrancfort1936
58%
Etats-UnisSaint Louis1904
58%
AustralieBrisbane1992
56%
AllemagneCologne1936
52%
Royaume-UniBirmingham1992
50%
SuisseLausanne1936, 1944, 1948, 1960
49%
Etats-UnisPhiladelphie1920,1948,1952,1956
47%
Etats-UnisDetroit1944,1952,1956,1960,1964,1968,1972
44%
AllemagneNuremberg1936
34%
JaponNagoya1988
26%
Etats-UnisBaltimore1948
20%
Etats-UnisMinneapolis1948,1952,1956
17%
Etats-UnisCleveland1916,1920
16%

Distribution des résultats

Percentile par nombre de réponses

% des personnes avec chaque résultat

Votre développement - résultats

Vous n’avez pas pris ce quiz